El hombre que fue jueves /
Guardado en:
| Autor Principal: | |
|---|---|
| Formato: | Libro |
| Publicado: |
Colombia :
Proyectos P&j,
1992
|
| Materias: | |
| Etiquetas: |
Agregar Etiqueta
Sin Etiquetas, Sea el primero en etiquetar este registro!
|
| LEADER | 00595nam a22002175a 4500 | ||
|---|---|---|---|
| 001 | CEM.cems016917 | ||
| 005 | 20121119173023.0 | ||
| 008 | 130507s1992##################000#0#####d | ||
| 003 | CEMS | ||
| 020 | |a . | ||
| 082 | 0 | 4 | |a 823 |
| 100 | 1 | |a Chesterton, Gilbert Keith | |
| 245 | 1 | 0 | |a El hombre que fue jueves / |c Gilbert Keith Chesterton, |
| 260 | |a Colombia : |b Proyectos P&j, |c 1992 | ||
| 300 | |a 190 p. | ||
| 653 | |a Literatura | ||
| 653 | |a Literatura inglesa | ||
| 653 | |a Novela | ||
| 653 | |a Novela policial | ||
| 653 | |a Novela inglesa | ||
| 859 | |a CEMS |b BIB. CEMS - Agricultura |h 823 |i C426 |p A0051.00 |t Ej.1 | ||
